Risk analytics : (Record no. 1309140)

MARC details
000 -LEADER
fixed length control field 00545nam a22001937a 4500
005 - DATE AND TIME OF LATEST TRANSACTION
control field 20250529145621.0
008 - FIXED-LENGTH DATA ELEMENTS--GENERAL INFORMATION
fixed length control field 250418b |||||||| |||| 00| 0 eng d
020 ## - INTERNATIONAL STANDARD BOOK NUMBER
International Standard Book Number 9789811238703
040 ## - CATALOGING SOURCE
Transcribing agency SDCL
041 ## - LANGUAGE CODE
Source of code eng
Language code of text/sound track or separate title eng
084 ## - COLON CLASSIFICATION NUMBER
Classification number X81:8 R2
100 ## - MAIN ENTRY--PERSONAL NAME
Personal name Edward H. K. NG
245 ## - TITLE STATEMENT
Title Risk analytics :
Remainder of title From concept to deployment
250 ## - EDITION STATEMENT
Edition statement 2nd
260 ## - PUBLICATION, DISTRIBUTION, ETC.
Place of publication, distribution, etc. Chennai :
Name of publisher, distributor, etc. World Scientific,
Date of publication, distribution, etc. 2022.
300 ## - PHYSICAL DESCRIPTION
Extent xii,230p.
490 ## - SERIES STATEMENT
Series statement World scientific series on financial data analytics
Volume/sequential designation Volume 1
942 ## - ADDED ENTRY ELEMENTS (KOHA)
Source of classification or shelving scheme Colon Classification (CC)
Koha item type Textual
100 ## - MAIN ENTRY--PERSONAL NAME
-- 811053
999 ## -
-- 1309140
-- 1309140
Holdings
Withdrawn status Lost status Source of classification or shelving scheme Damaged status Not for loan Home library Current library Date acquired Source of acquisition Inventory number Total checkouts Full call number Barcode Date last seen Date last checked out Price effective from Koha item type
    Colon Classification (CC)     South Campus Library South Campus Library 2025-04-18 Ashutosh Technical Books 8961, 02/12/2024, USD 58.00 1 X81:8 R2 SC1690611 2025-12-19 2025-08-13 2025-04-18 Textual
Copyright @ Delhi University Library System